000 00234 a2200097 4500
001 28940
100 _aWiberg D M
245 _aTheory & Problems of State space & Liners Systems
260 _a
_bMcGraw-Hill
_c
090 _c19333
_d19333
942 _aNUST-CAE
_cM
_c10373
999 _c264013
_d264013